banner

Alimentación y deporte: (Registro nro. 1528)

000 -LEADER
fixed length control field 01229nam a22002417 4500
003 - CONTROL NUMBER IDENTIFIER
control field AR-BaISA
005 - DATE AND TIME OF LATEST TRANSACTION
control field 20231129153317.0
007 - PHYSICAL DESCRIPTION FIXED FIELD--GENERAL INFORMATION
fixed length control field ta
008 - FIXED-LENGTH DATA ELEMENTS--GENERAL INFORMATION
fixed length control field 231129s2010 ag ad||| |||| 001 0 spa d
020 ## - INTERNATIONAL STANDARD BOOK NUMBER
International Standard Book Number 9789500205320
040 ## - CATALOGING SOURCE
Language of cataloging spa
Transcribing agency AR-BaISA
082 04 - DEWEY DECIMAL CLASSIFICATION NUMBER
Edition number 22
Classification number 613.7 On9
100 1# - MAIN ENTRY--PERSONAL NAME
9 (RLIN) 1456
Personal name Onzari, Marcia
245 10 - TITLE STATEMENT
Title Alimentación y deporte:
Remainder of title guía práctica /
Statement of responsibility, etc. Marcia Onzari
260 ## - PUBLICATION, DISTRIBUTION, ETC.
Place of publication, distribution, etc. Buenos Aires:
Name of publisher, distributor, etc. El Ateneo,
Date of publication, distribution, etc. 2010
300 ## - PHYSICAL DESCRIPTION
Extent 268 p.:
Other physical details il., gráfs., tablas
504 ## - BIBLIOGRAPHY, ETC. NOTE
Bibliography, etc. note Bibliografía al final de cada capítulo.
504 ## - BIBLIOGRAPHY, ETC. NOTE
Bibliography, etc. note Índice analítico p.: 267-268.
505 ## - FORMATTED CONTENTS NOTE
Title Introducción a la nutrición deportiva --
-- Digestión y absorción de nutrientes --
-- Evaluación nutricional --
-- Determinación del valor calórico total (VCT) --
-- Hidratos de carbono en el plan de alimentos del deportista --
-- Proteínas en el plan de alimentación del deportista --
-- Grasas en el plan de alimentación del deportista --
-- Hidratación del deportista --
-- Suplementos dietarios para deportistas --
-- Guía nutricional para deportes específicos --
-- Guía de recetas (cocinero profesional Mariano Mozzanica)
650 10 - SUBJECT ADDED ENTRY--TOPICAL TERM
9 (RLIN) 80
Topical term or geographic name entry element Deportes
General subdivision nutrición
650 10 - SUBJECT ADDED ENTRY--TOPICAL TERM
9 (RLIN) 80
Topical term or geographic name entry element Deportes
General subdivision alimentación
942 ## - ADDED ENTRY ELEMENTS (KOHA)
Source of classification or shelving scheme
Koha item type Libros
Edition 22
Existencias
Withdrawn status Lost status Source of classification or shelving scheme Damaged status Not for loan Permanent Location Current Location Date acquired Inventory number Total Checkouts Full call number Barcode Date last seen Date last checked out Copy number Price effective from Koha item type
          Biblioteca ISALUD. Dr. Néstor Rodríguez Campoamor Biblioteca ISALUD. Dr. Néstor Rodríguez Campoamor 2023-11-29 915 1 613.7 On9 915 2024-07-01 2024-06-03 ej. 1 2023-11-29 Libros
          Biblioteca ISALUD. Dr. Néstor Rodríguez Campoamor Biblioteca ISALUD. Dr. Néstor Rodríguez Campoamor 2023-11-29 916   613.7 On9 916 2023-11-29   ej. 2 2023-11-29 Libros